00280nam a2200109Ia 4500008004100000020001500041100003300056245002700089250000800116260003800124300000800162211105s9999 xx 000 0 und d aVYASA16512 aKaivalyadhama S.M.Y.M Samiti 0aYoga Kosa (Yoga Terms) a1st bKaivalyadhama S.M.Y.M. Samitic\N a370